000 00613nam a2200229Ia 4500
003 OSt
005 20220926022946.0
006 a|||||r|||| 00| 0
007 ta
008 220923b |||||||| |||| 00| 0 eng d
037 _cGeneral Book
040 _aRTL
_cRTL
_beng
041 _2eng
_aeng
082 _aX, A
100 _aMcVickar John
_9328496
245 0 _aOutlines of political economy
260 _aNew York
_bWilder and Campbell
_c1825
300 _a199p;43p
_ccm.
500 _aReprints of economic classics
942 _hX, A
_cGB
_2CC
999 _c640666
_d640666